Normal view MARC view
  • Azevedo, Walclei de Araújo

Entry Autor (a)

Number of records used in: 1

001 - NÚMERO DE CONTROLE

  • campo de controle : 724

003 - IDENTIFICADOR DO NÚMERO DE CONTROLE

  • campo de controle : OSt

005 - DATA E HORÁRIO DA ÚLTIMA TRANSAÇÃO

  • campo de controle : 20231025110704.0

008 - CAMPO DE DADOS FIXOS

  • campo de controle de tamanho fixo : 231025|| aca||aabn | a|a d

040 ## - FONTE DA CATALOGAÇÃO

  • Instituição da catalogação original: OSt

100 ## - CABEÇALHO--NOME PESSOAL

  • Nome pessoal: Azevedo, Walclei de Araújo
  • Numeração: A994
  • Data da obra: 2011
  • Idioma da obra: Português